[Event "GBR-ch79"]
[Site "Plymouth"]
[Date "1992.08.12"]
[Round "9.4"]
[White "Levitt, Jonathan"]
[Black "Martin, Andrew D"]
[Result "0-1"]
[WhiteElo "2455"]
[BlackElo "2420"]
[PlyCount "52"]
[EventDate "1992.08.03"]
[EventType "swiss"]
[EventRounds "11"]
[EventCountry "GBR"]
[SourceTitle "BritBase"]
[Source "John Saunders"]
[SourceDate "2020.10.09"]
[SourceVersion "1"]
[SourceVersionDate "2020.10.09"]
[SourceQuality "1"]

1. d4 Nf6 2. c4 d6 3. Nc3 Nbd7 4. g3 e5 5. Bg2 Be7 6. e4 O-O 7. Nge2 {[ An
experiment to which White later attributed many of his coming woes. The knight
just seems to get in the way from now on ]} c6 8. O-O a6 9. b3 b5 10. cxb5 axb5
11. Bb2 Re8 12. Qc2 Bf8 13. Rfd1 b4 14. Nb1 $6 {[ 14.Na4 /\ Rac1 ]} Ba6 $1 $15
{[ xe2 d3 ]} 15. dxe5 dxe5 16. Nc1 Qb6 $17 {[ x f2, eventually White cannot
hold this square ]} 17. h3 Nc5 18. a3 Rad8 19. Rd2 bxa3 20. Bxa3 Ne6 21. Bxf8
Rxf8 22. Rxd8 Rxd8 23. Nc3 h5 $1 24. h4 $6 Ng4 $18 25. Qb2 Nd4 26. b4 Be2 $3 {
[#] [ 27.N1xe2 Nf3+ ! a, 28.Bxf3 Qxf2+ 29. Kh1 Qh2# b, 28.Kf1 Qxf2# c, 28.Kh1
Nxf2# ]} 0-1

[Event "GBR-ch79"]
[Site "Plymouth"]
[Date "1992.08.12"]
[Round "9.5"]
[White "Summerscale, Aaron"]
[Black "Webster, Andrew"]
[Result "0-1"]
[WhiteElo "2305"]
[BlackElo "2330"]
[PlyCount "134"]
[EventDate "1992.08.03"]
[EventType "swiss"]
[EventRounds "11"]
[EventCountry "GBR"]
[SourceTitle "BritBase"]
[Source "John Saunders"]
[SourceDate "2020.10.09"]
[SourceVersion "1"]
[SourceVersionDate "2020.10.09"]
[SourceQuality "1"]

1. Nf3 g6 2. e4 Bg7 3. d4 c6 4. Nbd2 d5 5. c3 Nd7 6. e5 f6 7. exf6 exf6 8. Be2
Nh6 9. h4 Nf8 10. Nf1 Qd6 11. Bd2 Ne6 12. Qc1 Nf7 13. Ng3 Bd7 14. h5 O-O-O 15.
Nh4 Rde8 16. Kf1 f5 17. Bd3 f4 18. Ne2 g5 19. Nf5 Qf8 20. c4 Kb8 21. c5 f3 22.
gxf3 Nh6 23. Neg3 Nxc5 24. Bb4 Nxf5 25. Bxf5 Bxf5 26. Bxc5 Qf6 27. Qc3 Bf8 28.
Kg2 Bxc5 29. Nxf5 Bb6 30. Qd3 Rhf8 31. Ng3 Bxd4 32. Rae1 Rxe1 33. Rxe1 Bxb2 34.
Rb1 Bd4 35. Rb3 h6 36. Qh7 Qg7 37. Qd3 Bb6 38. a4 Qd4 39. Qe2 g4 40. Re3 Qh8
41. Rb3 Qf6 42. fxg4 Qxf2+ 43. Qxf2 Rxf2+ 44. Kh3 Bc7 45. g5 hxg5 46. Kg4 Be5
47. Re3 Bb2 48. h6 Rh2 49. Nh5 a5 50. h7 Ka7 51. Re8 b5 52. h8=Q Bxh8 53. Rxh8
Rh4+ 54. Kxg5 Rxa4 {[#]} 55. Nf4 b4 56. Rh1 Ra3 57. Ne6 Re3 58. Nc5 Kb6 59. Kf4
Re7 60. Rc1 Kb5 61. Nd3 a4 62. Rc5+ Kb6 63. Rc1 a3 64. Nc5 Kb5 65. Nb3 Re4+ 66.
Kf3 Rc4 67. Ra1 Rc3+ 0-1

[Event "GBR-ch79"]
[Site "Plymouth"]
[Date "1992.08.12"]
[Round "9.6"]
[White "Collinson, Adam"]
[Black "Arkell, Keith C"]
[Result "1/2-1/2"]
[WhiteElo "2360"]
[BlackElo "2460"]
[PlyCount "137"]
[EventDate "1992.08.03"]
[EventType "swiss"]
[EventRounds "11"]
[EventCountry "GBR"]
[SourceTitle "BritBase"]
[Source "John Saunders"]
[SourceDate "2020.10.09"]
[SourceVersion "1"]
[SourceVersionDate "2020.10.09"]
[SourceQuality "1"]

1. e4 g6 2. d4 Bg7 3. Nf3 c6 4. Nc3 d5 5. h3 dxe4 6. Nxe4 Nd7 7. Bc4 Ngf6 8.
Nxf6+ Nxf6 9. O-O Qc7 10. Re1 O-O 11. Ne5 Nd5 12. Bf1 Be6 13. c4 Nf6 14. Bf4
Qd8 15. Qd2 a5 16. Rad1 Qb6 17. Qc1 Rad8 18. Be3 Qc7 19. Bf4 Qc8 20. Qc3 Qa8
21. Nf3 b5 22. Be5 bxc4 23. Bxc4 Bd5 24. Rc1 Rc8 25. Qa3 e6 26. Rc2 Rfe8 27.
Rec1 Bf8 28. Qe3 Nd7 29. Bxd5 cxd5 30. Rc7 Nxe5 31. Nxe5 Rxc7 32. Rxc7 Re7 33.
Qc3 Kg7 34. Nd7 Qe8 35. Qc6 g5 36. b3 Kh6 37. h4 gxh4 38. Qd6 Bg7 39. Qf4+ Kh5
40. Qf3+ Kg5 41. Qe3+ Kg6 42. Qf4 h5 43. Qd6 Kh6 44. Rb7 Kg5 45. f4+ Kh6 46. f5
Bxd4+ 47. Kh1 Kg7 48. Qf4 Rxd7 49. Qxd4+ Kg8 50. Rxd7 Qxd7 51. Qxh4 exf5 52.
Qg5+ Kf8 53. Qxh5 Qe6 54. Qh4 Ke8 55. Qa4+ Qd7 56. Qxa5 f6 57. Qd2 d4 {[#]} 58.
Kg1 d3 59. Kf2 f4 60. a4 Qd4+ 61. Kf1 Kd7 62. b4 Qe4 63. Kf2 Kc6 64. b5+ Kb6
65. Kf1 Qc4 66. Qf2+ Kb7 67. Qf3+ Kb8 68. Qc6 Qc2 69. Qb6+ 1/2-1/2

[Event "GBR-ch79"]
[Site "Plymouth"]
[Date "1992.08.12"]
[Round "9.7"]
[White "Ward, Christopher R"]
[Black "Rossiter, Philip J"]
[Result "0-1"]
[WhiteElo "2440"]
[BlackElo "2280"]
[PlyCount "80"]
[EventDate "1992.08.03"]
[EventType "swiss"]
[EventRounds "11"]
[EventCountry "GBR"]
[SourceTitle "BritBase"]
[Source "John Saunders"]
[SourceDate "2020.10.09"]
[SourceVersion "1"]
[SourceVersionDate "2020.10.09"]
[SourceQuality "1"]

1. d4 d5 2. c4 e6 3. Nc3 c5 4. Nf3 Nc6 5. e3 Nf6 6. cxd5 exd5 7. Be2 Bd6 8.
dxc5 Bxc5 9. O-O O-O 10. a3 Bg4 11. b4 Bd6 12. Nb5 Bb8 13. Bb2 a5 14. h3 Bh5
15. Nbd4 Re8 16. b5 Nxd4 17. Qxd4 Qd6 18. g3 Re4 19. Qd2 Ba7 20. Bxf6 Qxf6 21.
Qxd5 Bxf3 22. Qxb7 Rxe3 {[#]} 23. Bxf3 Qxf3 24. Qxa8+ Qxa8 25. fxe3 Qb8 26. Kf2
Qxb5 27. Rab1 Qe5 28. Kg2 h6 29. Rf3 Bxe3 30. Re1 Qb2+ 31. Kh1 Bc5 32. Re8+ Kh7
33. h4 Bxa3 34. Rxf7 Qa1+ 35. Kg2 Bc5 36. Kh3 h5 37. Re2 Qh1+ 38. Rh2 Qe4 39.
Rf4 Qe6+ 40. Kg2 Bd6 0-1

[Event "GBR-ch79"]
[Site "Plymouth"]
[Date "1992.08.12"]
[Round "9.8"]
[White "Crouch, Colin S"]
[Black "Rayner, Francis"]
[Result "1/2-1/2"]
[WhiteElo "2425"]
[BlackElo "2270"]
[PlyCount "78"]
[EventDate "1992.08.03"]
[EventType "swiss"]
[EventRounds "11"]
[EventCountry "GBR"]
[SourceTitle "BritBase"]
[Source "John Saunders"]
[SourceDate "2020.10.09"]
[SourceVersion "1"]
[SourceVersionDate "2020.10.09"]
[SourceQuality "1"]

1. d4 Nf6 2. c4 g6 3. Nc3 Bg7 4. e4 d6 5. Be2 O-O 6. Nf3 e5 7. O-O Nc6 8. d5
Ne7 9. Nd2 c5 10. a3 Ne8 11. b4 b6 12. Nb3 f5 13. Bd2 a6 14. f3 f4 15. bxc5
bxc5 16. Na4 a5 17. Be1 Bd7 18. Naxc5 dxc5 19. Nxc5 Nf6 20. Rb1 Bc8 21. Na4 g5
22. c5 Kh8 23. Nb6 Ra7 24. c6 Ba6 25. Bf2 Bxe2 26. Qxe2 Rc7 27. Rfd1 Nc8 28.
Nc4 Ne8 29. Nxa5 Ned6 30. Nb7 Qf6 31. a4 Qg6 32. Bc5 Rg8 33. Kh1 g4 34. a5 Bf8
35. Nxd6 Bxd6 36. Rb7 gxf3 37. Qxf3 Qg7 38. Bxd6 Nxd6 39. Rb2 Qg6 1/2-1/2

[Event "GBR-ch79"]
[Site "Plymouth"]
[Date "1992.08.12"]
[Round "9.10"]
[White "Britton, Richard"]
[Black "Ledger, Andrew"]
[Result "0-1"]
[WhiteElo "2275"]
[BlackElo "2335"]
[PlyCount "56"]
[EventDate "1992.08.03"]
[EventType "swiss"]
[EventRounds "11"]
[EventCountry "GBR"]
[SourceTitle "BritBase"]
[Source "John Saunders"]
[SourceDate "2020.10.09"]
[SourceVersion "1"]
[SourceVersionDate "2020.10.09"]
[SourceQuality "1"]

1. e4 g6 2. d4 Bg7 3. Nc3 c6 4. Nf3 d5 5. h3 Nf6 6. Bd3 dxe4 7. Nxe4 Nxe4 8.
Bxe4 O-O 9. O-O Nd7 10. Re1 Qc7 11. Bg5 e5 12. c3 exd4 13. Nxd4 Nf6 14. Bc2 c5
15. Nb5 Qb6 16. Qd6 Qxb5 17. Bxf6 Bxf6 18. Qxf6 a5 19. Bb3 Ra6 20. Qf4 Be6 21.
Bxe6 fxe6 22. Qd2 c4 23. Re2 Qd5 24. Qe3 Rd6 25. Rae1 Rf5 26. Qg3 Rg5 27. Qh2
Rf5 28. Re4 Qxe4 0-1

[Event "GBR-ch79"]
[Site "Plymouth"]
[Date "1992.08.12"]
[Round "9.11"]
[White "Swan, Iain"]
[Black "Mortazavi, Ali"]
[Result "1/2-1/2"]
[WhiteElo "2270"]
[BlackElo "2320"]
[Annotator "Bulletin"]
[PlyCount "95"]
[EventDate "1992.08.03"]
[EventType "swiss"]
[EventRounds "11"]
[EventCountry "GBR"]
[SourceTitle "BritBase"]
[Source "John Saunders"]
[SourceDate "2020.10.09"]
[SourceVersion "1"]
[SourceVersionDate "2020.10.09"]
[SourceQuality "1"]

1. e4 c5 2. Nf3 e6 3. d4 cxd4 4. Nxd4 a6 5. Bd3 Nf6 6. O-O Qc7 7. Qe2 d6 8. f4
g6 9. Kh1 Bg7 10. Nc3 O-O (10... b5 11. e5 dxe5 12. Ndxb5 axb5 13. Nxb5 Qb6 14.
fxe5 $18) 11. a4 b6 12. f5 exf5 13. exf5 Bb7 (13... Re8 14. Nd5 Qd8 15. Qf3 $18
) 14. Bg5 Nbd7 15. fxg6 (15. Qf2 $1 Rae8 (15... Ng4 16. Qh4 Bxd4 17. Qxg4) 16.
Qh4 {[ /\ Rf2 Raf1 ]}) 15... hxg6 16. Ne6 $5 fxe6 17. Qxe6+ Rf7 18. Bxg6 Nc5
19. Bxf7+ Qxf7 20. Qxf7+ Kxf7 21. Rad1 Rd8 22. b4 Nce4 23. Nxe4 Bxe4 24. Rf4 d5
25. c4 (25. Rxe4 Nxe4 26. Bxd8 Nf2+) 25... Rd6 26. Bxf6 Rxf6 27. Rxf6+ Bxf6 28.
cxd5 Bc2 29. Rc1 Bxa4 30. Rc7+ Ke8 31. Ra7 Bb5 32. Rb7 Bd8 33. h3 Bc4 34. d6 a5
35. bxa5 bxa5 36. Ra7 Bd3 37. h4 Be2 38. Kh2 Bd1 39. Kh3 a4 40. h5 $2 $10 {
[ Time trouble, 40.g4 +- ]} Bxh5 41. g4 Bg6 42. Rxa4 Kd7 43. Ra7+ Ke6 44. Rg7
Bd3 45. Rg8 Bb6 46. Rb8 Ba5 47. Ra8 Bb6 48. Rb8 1/2-1/2

[Event "GBR-ch79"]
[Site "Plymouth"]
[Date "1992.08.12"]
[Round "9.12"]
[White "Hamid, Rani"]
[Black "James, David J"]
[Result "1/2-1/2"]
[WhiteElo "2135"]
[BlackElo "2300"]
[PlyCount "50"]
[EventDate "1992.08.03"]
[EventType "swiss"]
[EventRounds "11"]
[EventCountry "GBR"]
[SourceTitle "BritBase"]
[Source "John Saunders"]
[SourceDate "2020.10.09"]
[SourceVersion "1"]
[SourceVersionDate "2020.10.09"]
[SourceQuality "1"]

1. e4 c5 2. Nf3 d6 3. d4 cxd4 4. Nxd4 Nf6 5. Nc3 a6 6. a4 Nc6 7. Bc4 g6 8. O-O
Bg7 9. Be3 Ng4 10. Nxc6 bxc6 11. Bf4 O-O 12. Qd2 Qb6 13. Bb3 Be6 14. a5 Qc7 15.
Bxe6 fxe6 16. h3 Ne5 17. Bxe5 Bxe5 18. Na4 c5 19. Nb6 Rad8 20. c3 Qb7 21. f4
Bg7 22. Qe2 e5 23. fxe5 Bxe5 24. Rxf8+ Rxf8 25. Rf1 Rxf1+ 1/2-1/2

[Event "GBR-ch79"]
[Site "Plymouth"]
[Date "1992.08.12"]
[Round "9.14"]
[White "Ansell, Simon"]
[Black "Merriman, John"]
[Result "1-0"]
[WhiteElo "2305"]
[BlackElo "2235"]
[PlyCount "26"]
[EventDate "1992.08.03"]
[EventType "swiss"]
[EventRounds "11"]
[EventCountry "GBR"]
[SourceTitle "BritBase"]
[Source "John Saunders"]
[SourceDate "2020.10.09"]
[SourceVersion "1"]
[SourceVersionDate "2020.10.09"]
[SourceQuality "1"]

1. d4 e6 2. Nf3 Nf6 3. Bg5 d5 4. e3 Be7 5. Bd3 Nbd7 6. Nbd2 c5 7. c3 h6 8. Bh4
O-O 9. O-O b6 10. Ne5 Nxe5 11. dxe5 Nd7 12. Bxe7 Qxe7 13. f4 Bb7 1-0

[Event "GBR-ch79"]
[Site "Plymouth"]
[Date "1992.08.12"]
[Round "9.18"]
[White "Lalic, Susan"]
[Black "Small, Simon"]
[Result "1-0"]
[WhiteElo "2335"]
[BlackElo "2245"]
[PlyCount "85"]
[EventDate "1992.08.03"]
[EventType "swiss"]
[EventRounds "11"]
[EventCountry "GBR"]
[SourceTitle "BritBase"]
[Source "John Saunders"]
[SourceDate "2020.10.09"]
[SourceVersion "1"]
[SourceVersionDate "2020.10.09"]
[SourceQuality "1"]

1. e4 d5 2. exd5 Qxd5 3. Nc3 Qa5 4. d4 Nf6 5. Nf3 Bf5 6. Bc4 e6 7. Bd2 c6 8.
O-O Nbd7 9. h3 Qb6 10. Bb3 Be7 11. Re1 O-O 12. Nh4 Bg6 13. Nxg6 hxg6 14. Ne2
Rfe8 15. c3 Nf8 16. Nf4 a5 17. Nd3 Qa6 18. Qf3 a4 19. Bc2 Qb5 20. Re5 Qb6 21.
Re2 N8d7 22. b4 axb3 23. Bxb3 c5 24. Rae1 Bf8 25. d5 exd5 26. Rxe8 Rxe8 27.
Rxe8 Nxe8 28. Qxd5 Nd6 29. Be3 Qc7 30. Nxc5 Nf6 31. Qd3 Nf5 32. Na4 b5 33. Nb2
Qe5 34. Bd4 Qe1+ 35. Qf1 Qd2 36. Nd3 b4 37. Ne5 bxc3 38. Bxf7+ Kh8 39. Nxg6+
Kh7 40. Nxf8+ Kh6 41. Bxc3 Qxc3 42. Qb1 Nh4 43. Ng6 1-0

[Event "GBR-ch79"]
[Site "Plymouth"]
[Date "1992.08.13"]
[Round "10.2"]
[White "Mestel, A Jonathan"]
[Black "Martin, Andrew D"]
[Result "0-1"]
[WhiteElo "2510"]
[BlackElo "2420"]
[PlyCount "54"]
[EventDate "1992.08.03"]
[EventType "swiss"]
[EventRounds "11"]
[EventCountry "GBR"]
[SourceTitle "BritBase"]
[Source "John Saunders"]
[SourceDate "2020.10.09"]
[SourceVersion "1"]
[SourceVersionDate "2020.10.09"]
[SourceQuality "1"]

1. c4 e5 2. Nc3 Nf6 3. Nf3 Nc6 4. g3 Bc5 5. Bg2 d6 6. e3 O-O 7. O-O Bb6 8. Na4
e4 9. Ne1 Bg4 10. f3 exf3 11. Nxf3 Ne5 $10 12. Qc2 c6 13. Nxb6 axb6 14. b3 Bh5
{[ xd3 ]} 15. Ne1 Re8 16. Bb2 Bg6 17. Qc3 d5 18. cxd5 Nxd5 19. Qd4 Nf6 20. a4
Qc7 21. Qf4 Qe7 22. Bc3 Qe6 23. Qb4 $6 c5 24. Qb5 Ne4 $1 $17 25. Bxe5 Qxe5 26.
Nf3 Qd6 27. Ra2 Nxg3 $3 {[#] [ 28.hxg3 Bd3 -+ ]} 0-1

[Event "GBR-ch79"]
[Site "Plymouth"]
[Date "1992.08.13"]
[Round "10.3"]
[White "Emms, John M"]
[Black "Hebden, Mark L"]
[Result "1/2-1/2"]
[WhiteElo "2455"]
[BlackElo "2510"]
[Annotator "Bulletin"]
[PlyCount "80"]
[EventDate "1992.08.03"]
[EventType "swiss"]
[EventRounds "11"]
[EventCountry "GBR"]
[SourceTitle "BritBase"]
[Source "John Saunders"]
[SourceDate "2020.10.09"]
[SourceVersion "1"]
[SourceVersionDate "2020.10.09"]
[SourceQuality "1"]

1. e4 e5 2. Nf3 Nc6 3. Bb5 a6 4. Ba4 Nf6 5. O-O Be7 6. Re1 b5 7. Bb3 O-O 8. d3
Bb7 9. Nc3 d6 10. a3 Nd4 11. Nxd4 exd4 12. Ne2 c5 13. Ng3 d5 14. e5 Ne8 15. c3
f5 16. cxd4 cxd4 17. Qf3 Kh8 18. Ne2 (18. Bd2 $5 Nc7 19. Ba5 $16) 18... Nc7 19.
Bd2 (19. Nxd4 Bc5 20. Ne2 Ne6 {[ Gives Black some compensation ]}) 19... Ne6
20. Nf4 Nc5 21. Bxd5 Bxd5 22. Qxd5 g5 23. b4 $1 gxf4 24. Qxd8 Rfxd8 25. bxc5
Rd5 26. a4 Rc8 27. axb5 axb5 28. Bb4 f3 29. e6 (29. Ra7 $1 $16 Bxc5 30. Rc1
Rxe5 31. h3 Rc6 (31... Re1+ 32. Bxe1 $18) (31... Bxa7 32. Rxc8+ Kg7 33. Rc7+
$18) 32. Rb7 fxg2 (32... Rb6 33. Rxc5 $18 Rxc5) 33. Rxb5 Bxb4 34. Rb8+ $1 $18 {
[ Commentary room ]}) 29... Rg8 30. g3 Bxc5 31. Bxc5 Rxc5 32. Ra7 Re8 33. h3
Rc2 34. Rf7 Re2 35. Rc1 R2xe6 $10 36. Rcc7 Re1+ 37. Kh2 Rf1 38. Rxh7+ Kg8 39.
Rhg7+ Kh8 40. Rh7+ Kg8 1/2-1/2

[Event "GBR-ch79"]
[Site "Plymouth"]
[Date "1992.08.13"]
[Round "10.4"]
[White "Kumaran, Dharshan"]
[Black "Howell, James C"]
[Result "1-0"]
[WhiteElo "2380"]
[BlackElo "2465"]
[Annotator "Bulletin"]
[PlyCount "81"]
[EventDate "1992.08.03"]
[EventType "swiss"]
[EventRounds "11"]
[EventCountry "GBR"]
[SourceTitle "BritBase"]
[Source "John Saunders"]
[SourceDate "2020.10.09"]
[SourceVersion "1"]
[SourceVersionDate "2020.10.09"]
[SourceQuality "1"]

1. d4 e6 2. c4 Nf6 3. Nc3 c5 4. d5 exd5 5. cxd5 d6 6. e4 g6 7. f4 Bg7 8. Bb5+
Nfd7 9. a4 Na6 10. Nf3 Nb4 11. O-O O-O 12. Re1 a6 13. Bf1 Re8 14. h3 b6 15. Be3
Nf6 16. Bf2 Nh5 17. g3 Nf6 18. Qd2 Qd7 $6 {[ 18..Bb7 ]} 19. e5 dxe5 20. Nxe5
Qd6 $2 (20... Qf5 $1 21. Rad1 $14 {[ Kumaran ]}) 21. Bg2 Bb7 22. Nc4 Qd8 23.
Rxe8+ Nxe8 24. a5 $1 $16 b5 25. Nb6 c4 $1 {[ The best practical chance
otherwise c5 drops off and with it the whole Black position. ]} 26. Nxa8 Qxa8
27. Nxb5 Nd3 28. Nc3 Nc7 29. Be4 (29. Ra4 $1 {[ Howell ]}) 29... Nxd5 30. Nxd5
Bxd5 31. Bxd3 cxd3 32. Qxd3 Bh1 33. Qf1 Bxb2 34. Rb1 Bc3 35. Bb6 $1 (35. Rb6 $2
Qd5 36. Rxa6 Be4 $13) 35... Qe4 36. Rc1 $1 (36. Rd1 h5 37. Kh2 h4 $1 38. Qxh1
Qe2+) 36... Bd2 37. Rd1 Bc3 38. Rd3 Bf6 39. Kh2 Bg2 40. Qd1 Bh1 41. Rd8+ $1 {
[#]} 1-0

[Event "GBR-ch79"]
[Site "Plymouth"]
[Date "1992.08.13"]
[Round "10.5"]
[White "Rossiter, Philip J"]
[Black "Levitt, Jonathan"]
[Result "0-1"]
[WhiteElo "2280"]
[BlackElo "2455"]
[PlyCount "58"]
[EventDate "1992.08.03"]
[EventType "swiss"]
[EventRounds "11"]
[EventCountry "GBR"]
[SourceTitle "BritBase"]
[Source "John Saunders"]
[SourceDate "2020.10.09"]
[SourceVersion "1"]
[SourceVersionDate "2020.10.09"]
[SourceQuality "1"]

1. d4 d5 2. Nf3 Nf6 3. c4 c6 4. Nc3 a6 5. c5 g6 6. Bf4 Nh5 7. Bg5 h6 8. Bh4 g5
9. Bg3 Nxg3 10. hxg3 Bg7 11. e3 Nd7 12. Bd3 e5 13. Bf5 e4 14. Bxd7+ Bxd7 15.
Nd2 O-O 16. Qc2 Qe7 17. O-O-O f5 18. Ne2 Be8 19. Nb3 Bg6 20. Qd2 Rf6 21. Rde1
Raf8 22. Qc3 Qf7 23. f4 {[#]} exf3 24. gxf3 f4 25. gxf4 Re6 26. Nd2 Rfe8 27.
Nf1 gxf4 28. Nxf4 Qxf4 29. exf4 Rxe1+ 0-1

[Event "GBR-ch79"]
[Site "Plymouth"]
[Date "1992.08.13"]
[Round "10.6"]
[White "Ledger, Andrew"]
[Black "Collinson, Adam"]
[Result "0-1"]
[WhiteElo "2335"]
[BlackElo "2360"]
[PlyCount "110"]
[EventDate "1992.08.03"]
[EventType "swiss"]
[EventRounds "11"]
[EventCountry "GBR"]
[SourceTitle "BritBase"]
[Source "John Saunders"]
[SourceDate "2020.10.09"]
[SourceVersion "1"]
[SourceVersionDate "2020.10.09"]
[SourceQuality "1"]

1. c4 e5 2. Nc3 Bb4 3. Qc2 Nc6 4. Nf3 d6 5. a3 Bxc3 6. Qxc3 Nge7 7. d4 f6 8.
dxe5 dxe5 9. e3 Bg4 10. b4 e4 11. Nd4 Nxd4 12. exd4 O-O 13. Bb2 Qd7 14. h3 Bh5
15. g4 Bg6 16. O-O-O a5 17. b5 c6 18. bxc6 bxc6 19. Be2 Rfb8 20. Rd2 Nc8 21. h4
a4 22. Bd1 Nd6 23. c5 Nb5 24. Qe3 Nc7 25. h5 Nd5 26. Qe2 Nf4 27. Qe1 Nd3+ 28.
Rxd3 exd3 29. hxg6 Rxb2 30. Kxb2 Qxd4+ 31. Ka2 Qc4+ 32. Ka1 Qc1+ 33. Ka2 Qc4+
34. Ka1 Rb8 35. gxh7+ Kh8 36. Qd2 Qxc5 37. Ka2 Qd5+ 38. Ka1 Qd4+ 39. Ka2 Qd5+
40. Ka1 Qxh1 41. Qxd3 Qxh7 42. Qxh7+ Kxh7 43. Bxa4 c5 44. Bc6 Rb6 45. Bd5 Kg6
46. f3 Kg5 47. Ka2 Kf4 48. a4 Ke5 49. Be4 c4 50. Ka3 Rb3+ 51. Ka2 Kd4 52. Bc6
Kc5 53. Be4 Kb4 54. Bc6 c3 55. Be4 Rb2+ 0-1

[Event "GBR-ch79"]
[Site "Plymouth"]
[Date "1992.08.13"]
[Round "10.7"]
[White "Crouch, Colin S"]
[Black "Hennigan, Michael T"]
[Result "1-0"]
[WhiteElo "2425"]
[BlackElo "2400"]
[PlyCount "74"]
[EventDate "1992.08.03"]
[EventType "swiss"]
[EventRounds "11"]
[EventCountry "GBR"]
[SourceTitle "BritBase"]
[Source "John Saunders"]
[SourceDate "2020.10.09"]
[SourceVersion "1"]
[SourceVersionDate "2020.10.09"]
[SourceQuality "1"]

1. d4 d6 2. e4 Nf6 3. Nc3 g6 4. h3 Bg7 5. g4 e5 6. Nge2 c6 7. Bg2 b5 8. a3 O-O
9. Be3 Qc7 10. O-O Nbd7 11. f4 Nb6 12. b3 exd4 13. Bxd4 Bb7 14. g5 Nh5 15. f5
Be5 16. Bxe5 dxe5 17. f6 Rfe8 18. Qe1 Qd6 19. Qh4 a5 20. Bf3 Nf4 21. Nxf4 exf4
22. Qh6 Qf8 23. Qxf8+ Kxf8 24. Rad1 h6 25. gxh6 Kg8 26. Rd6 Kh7 27. Ne2 g5 28.
Rfd1 Bc8 29. Rxc6 Rb8 30. Rdd6 Re6 31. Rxe6 Bxe6 32. Rc5 Nd7 33. Rxg5 Kxh6 34.
Rh5+ Kg6 35. e5 Nxe5 36. Rxe5 Kxf6 37. Rh5 b4 1-0

[Event "GBR-ch79"]
[Site "Plymouth"]
[Date "1992.08.13"]
[Round "10.8"]
[White "Arkell, Keith C"]
[Black "Bibby, Simon"]
[Result "1-0"]
[WhiteElo "2460"]
[BlackElo "2285"]
[PlyCount "74"]
[EventDate "1992.08.03"]
[EventType "swiss"]
[EventRounds "11"]
[EventCountry "GBR"]
[SourceTitle "BritBase"]
[Source "John Saunders"]
[SourceDate "2020.10.09"]
[SourceVersion "1"]
[SourceVersionDate "2020.10.09"]
[SourceQuality "1"]

1. d4 Nf6 2. Nf3 g6 3. c4 Bg7 4. Nc3 O-O 5. g3 d6 6. Bg2 c6 7. O-O Qa5 8. e4
Bg4 9. h3 Bxf3 10. Bxf3 Nfd7 11. Be3 a6 12. a3 c5 13. e5 cxd4 14. Bxd4 Nxe5 15.
Bxb7 Nbc6 16. Bxe5 Nxe5 17. Bxa8 Rxa8 18. Qd5 Qxd5 19. cxd5 Nd3 20. Rab1 Rb8
21. Rfd1 Ne5 22. Na4 Rb3 23. Rbc1 f5 24. Kg2 Nd3 25. Rc6 a5 26. Ra6 f4 27. Rb6
Rxb6 28. Nxb6 Nxb2 29. Rd2 fxg3 30. Kxg3 Kf7 31. Kf3 Bc3 32. Rc2 Bd4 33. Nc4
Nxc4 34. Rxc4 Bb2 35. Ra4 Bc3 36. Ke2 Kf6 37. Kd3 Be1 1-0

[Event "GBR-ch79"]
[Site "Plymouth"]
[Date "1992.08.13"]
[Round "10.9"]
[White "Mortazavi, Ali"]
[Black "Hamid, Rani"]
[Result "1-0"]
[WhiteElo "2320"]
[BlackElo "2135"]
[PlyCount "107"]
[EventDate "1992.08.03"]
[EventType "swiss"]
[EventRounds "11"]
[EventCountry "GBR"]
[SourceTitle "BritBase"]
[Source "John Saunders"]
[SourceDate "2020.10.09"]
[SourceVersion "1"]
[SourceVersionDate "2020.10.09"]
[SourceQuality "1"]

1. d4 Nf6 2. Nf3 e6 3. e3 b6 4. Bd3 Bb7 5. O-O Be7 6. Nbd2 d5 7. b3 O-O 8. Bb2
Nbd7 9. c4 c5 10. Rc1 Rc8 11. Bb1 Ne4 12. cxd5 exd5 13. dxc5 bxc5 14. Nxe4 dxe4
15. Nd2 f5 16. Nc4 Nb6 17. Qc2 Ba6 18. Rfd1 Qc7 19. Qe2 Bxc4 20. bxc4 Bf6 21.
Bxf6 Rxf6 22. Bc2 Rh6 23. g3 Nd7 24. Qd2 Ne5 25. Qd5+ Kh8 26. Kg2 Rf6 27. Rb1
Rf7 28. Qe6 Rf6 29. Qd5 Rf7 30. Qe6 Rf6 31. Qd5 Rf7 32. Rb5 h6 33. Rdb1 Rd7 34.
Qe6 Qd6 35. Qxf5 Rf8 36. Qxe4 g6 37. Rd1 Qf6 38. f4 Rxd1 39. Bxd1 Nd7 40. Bc2
Rg8 41. Rb7 Qd6 42. Qd5 Qxd5+ 43. cxd5 Nb6 44. e4 Rg7 45. Rxg7 Kxg7 46. Kf3 Kf7
47. e5 a5 48. Ke4 a4 49. Bd3 Ke7 50. g4 a3 51. f5 g5 52. d6+ Kf7 53. e6+ Kf6
54. e7 1-0

[Event "GBR-ch79"]
[Site "Plymouth"]
[Date "1992.08.13"]
[Round "10.10"]
[White "James, David J"]
[Black "Summerscale, Aaron"]
[Result "1-0"]
[WhiteElo "2300"]
[BlackElo "2305"]
[PlyCount "93"]
[EventDate "1992.08.03"]
[EventType "swiss"]
[EventRounds "11"]
[EventCountry "GBR"]
[SourceTitle "BritBase"]
[Source "John Saunders"]
[SourceDate "2020.10.09"]
[SourceVersion "1"]
[SourceVersionDate "2020.10.09"]
[SourceQuality "1"]

1. d4 d5 2. c4 c6 3. Nf3 Nf6 4. Nc3 dxc4 5. a4 Bf5 6. e3 e6 7. Bxc4 Bb4 8. O-O
Nbd7 9. Nh4 Bg4 10. f3 Bh5 11. g4 Bg6 12. Qb3 a5 13. Na2 Bd6 14. e4 Bc7 15. Be3
Nxg4 16. Nxg6 hxg6 17. fxg4 Qh4 18. Rf2 Bxh2+ 19. Kf1 Qxg4 20. Rg2 Bg3 21. Be2
Qh4 22. Bg1 Qf6+ 23. Qf3 Bc7 24. Qxf6 Nxf6 25. Nc3 O-O-O 26. e5 Nd5 27. Nxd5
Rxd5 28. Rg4 Bb6 29. Rf4 Rd7 30. Kg2 Kd8 31. Raf1 Ke8 32. d5 $1 {[#]} Bxg1 33.
dxc6 Rd2 34. Kxg1 Rxe2 35. cxb7 Kd7 36. Rxf7+ Kc6 37. Rc1+ Kd5 38. Rc8 Re1+ 39.
Kf2 Rhh1 40. Rf3 Rhf1+ 41. Kg3 Rg1+ 42. Kh3 Rg5 43. Rg3 Rh5+ 44. Kg2 Re2+ 45.
Kf3 Rhxe5 46. b8=Q R5e3+ 47. Kg4 1-0

[Event "GBR-ch79"]
[Site "Plymouth"]
[Date "1992.08.13"]
[Round "10.11"]
[White "Swan, Iain"]
[Black "Ansell, Simon"]
[Result "0-1"]
[WhiteElo "2270"]
[BlackElo "2305"]
[PlyCount "100"]
[EventDate "1992.08.03"]
[EventType "swiss"]
[EventRounds "11"]
[EventCountry "GBR"]
[SourceTitle "BritBase"]
[Source "John Saunders"]
[SourceDate "2020.10.09"]
[SourceVersion "1"]
[SourceVersionDate "2020.10.09"]
[SourceQuality "1"]

1. Nf3 c5 2. c4 Nf6 3. Nc3 e6 4. d4 cxd4 5. Nxd4 d6 6. e4 Be7 7. Be3 O-O 8. Be2
a6 9. O-O Qc7 10. Rc1 b6 11. f3 Bb7 12. Qe1 Nbd7 13. Qf2 Rac8 14. b3 Qb8 15.
Bd3 Rfe8 16. Bb1 Bf8 17. Kh1 h6 18. Qh4 d5 19. cxd5 exd5 20. Bf4 Bd6 21. Bxd6
Qxd6 22. Nxd5 Nxd5 23. Rxc8 Rxc8 24. exd5 Qxd5 25. Qf2 Nc5 26. Kg1 Rd8 27. Ne2
Qd2 28. Ng3 a5 29. Qxd2 Rxd2 30. Rf2 Rd1+ 31. Rf1 Rd4 32. Ne4 Ba6 33. Rc1 Ne6
34. Kf2 Bb7 35. Re1 f5 36. Nc3 Kf7 37. Rd1 Rxd1 38. Nxd1 Kf6 39. Ke3 Ke5 40.
Nf2 f4+ 41. Kd2 Kd4 42. Ng4 h5 43. Nf6 Nf8 44. Bd3 h4 45. Ne4 Bc6 46. h3 Ne6
47. Nd6 g5 48. Nf7 Bd5 49. Bh7 g4 50. hxg4 Bxf3 {[#]} 0-1